LIBRARY & INFORMATION CENTRE, KCAET, TAVANUR

ONLINE PUBLIC ACCESS CATALOGUE (OPAC)

Invertebrates:Acanthosephala, ashelminthes and Entoprocta the pseudocoelomate bilateria, vol-3 / (Record no. 7404)

MARC details
000 -LEADER
fixed length control field 00506cam a2200169ua 4500
041 ## - LANGUAGE CODE
Language code of text/sound track or separate title eng
082 ## - DEWEY DECIMAL CLASSIFICATION NUMBER
Classification number 592
Item number HYM/IN
100 ## - MAIN ENTRY--AUTHOR NAME
Personal name Hyman, Libbie Henrietla .
245 ## - TITLE STATEMENT
Title Invertebrates:Acanthosephala, ashelminthes and Entoprocta the pseudocoelomate bilateria, vol-3 /
260 ## - PUBLICATION, DISTRIBUTION, ETC. (IMPRINT)
Place of publication New York :
Name of publisher McGraw Hill Book Company ,
Year of publication 1951.
300 ## - PHYSICAL DESCRIPTION
Number of Pages 572 ; .
942 ## - ADDED ENTRY ELEMENTS (KOHA)
Koha item type Books
Holdings
Withdrawn status Lost status Damaged status Home library Current library Date acquired Full call number Accession Number Koha item type
      KAUAET KAUAET 07/04/2012 592 HYM/IN 4891 Books
free website counter